Financial Statement analysis. (Record no. 2717)

MARC details
005 - DATE AND TIME OF LATEST TRANSACTION
control field 20250527094417.0
020 ## - INTERNATIONAL STANDARD BOOK NUMBER
International Standard Book Number 0-07-253651-9
082 ## - DEWEY DECIMAL CLASSIFICATION NUMBER
Classification number LECT 657.3 WIL
100 ## - MAIN ENTRY--PERSONAL NAME
Author name WILD, J. J.
245 ## - TITLE STATEMENT
Title Financial Statement analysis.
250 ## - EDITION STATEMENT
Edition statement 8th Ed.
260 ## - PUBLICATION, DISTRIBUTION, ETC.
Place of publication, distribution, etc. Boston,
Name of publisher, distributor, etc. McGraw-Hill,
Date of publication, distribution, etc. 2004.
300 ## - PHYSICAL DESCRIPTION
Extent xix, 186p.: ill.; chart, figure, graph, table.
Other physical details Index,
Dimensions 26cm.
700 ## - ADDED ENTRY--PERSONAL NAME
Other authors/Editors SUBRAMANYAM, K. R. & HALSEY, R. F.
856 ## - ELECTRONIC LOCATION AND ACCESS
Link text Access online Book.
Electronic name Financial Statement analysis,
Path www.mhhe.com.
942 ## - ADDED ENTRY ELEMENTS (KOHA)
Source of classification or shelving scheme Dewey Decimal Classification
Koha item type Books
Holdings
Date last seen Total checkouts Full call number Barcode Cost, replacement price Price effective from Koha item type Lost status Source of classification or shelving scheme Damaged status Not for loan Withdrawn status Home library Current library Shelving location Date acquired Cost, normal purchase price
06/28/2025   657.3 WIL DOM000274 300000.00 06/28/2025 Books   Dewey Decimal Classification       CBE Dodoma CBE Dodoma General Collection 06/03/2015 100000.00
06/28/2025   657.3 WIL DOM0002131 300000.00 06/28/2025 Books   Dewey Decimal Classification       CBE Dodoma CBE Dodoma General Collection 06/03/2015 100000.00
05/27/2025   LECT 657.3 WIL 00000010232 120000.00 05/27/2025 Books   Dewey Decimal Classification       College of Business Education Main Library College of Business Education Main Library General Collection 05/28/2010 40000.00
05/27/2025   LECT 657.3 WIL 00000010233 120000.00 05/27/2025 Books   Dewey Decimal Classification       College of Business Education Main Library College of Business Education Main Library General Collection 05/28/2010 40000.00